Mosaic of Answers #1 - Statistics

General Stats
  • This quiz has been taken 5 times
  • The average score is 9 of 30
Answer Stats
Hint Hint Answer Solution % Correct
1.1: Earth revolves around it SUn SUDOKU
100%
1.2: The feel-good hormone DOpamine SUDOKU
100%
1.3: The Japanese director of the 1985 film 'Ran' KUrosawa SUDOKU
100%
6.1: Trading goods without using money BArtering BANANA
60%
6.2: The tennis great also known as Rafa NAdal BANANA
60%
6.3: An antonym of 'artificial' NAtural BANANA
60%
5.1: Collects and pays bets at a gaming table CRoupier CRUMPS
20%
5.2: The person who officiates a baseball game UMpire CRUMPS
20%
5.3: The theory developed by Sigmund Freud PSychoanalysis CRUMPS
20%
2.1: Expose the falseness of something DEbunk DESPOT
20%
2.2: The hobby of exploring caves SPelunking DESPOT
20%
2.3: Branch of medicine that studies the ear OTology DESPOT
20%
9.1: The city of the Beatles LIverpool LIQUOR
20%
9.2: Hard crystalline mineral, abundant in Earth's crust QUartz LIQUOR
20%
9.3: The point at which something begins ORigin LIQUOR
20%
4.1: The national fruit of India MAngo MALAGA
20%
4.2: The popular birthing method that includes breathing techniques LAmaze MALAGA
20%
4.3: A system of billions of stars GAlaxy MALAGA
20%
8.1: Published after the death of the author POsthumous POLICE
20%
8.2: Sweet, chewy black substance LIquorice POLICE
20%
8.3: Peruvian traditional dish of marinated raw fish CEviche POLICE
20%
3.1: Pompous, ostentatious PRetentious PREACH
20%
3.2: The rank of British nobility above a viscount EArl PREACH
20%
3.3: A human cell contains 23 pairs of these CHromosomes PREACH
20%
10.1: The most important cereal crop after rice, wheat, maize and barley SOrghum SOLACE
20%
10.2: The party that won the UK general election in 2024 LAbour SOLACE
20%
10.3: Sri Lanka's historic name CEylon SOLACE
20%
7.1: You gain one by attending school EDucation EDISON
0%
7.2: Tristan's opposite in the famous Wagner's opera ISolde EDISON
0%
7.3: Continuing, still in progress ONgoing EDISON
0%
No matching quizzes found
Score Distribution
Percent of People with Each Score
Percentile by Number Answered
Your Score History
You have not taken this quiz